Uplatnenie CRM systémov v praxi
Aplikácia CRM systémov. Zavádzanie systémov CRM do iných spoločností podľa potrieb zákazníkov. Opisané sú pomocou projektu zavádzania, štruktúra projektu a zároveň sme vynaložili snahu o priblíženie vzniku rizík pri zavádzaní systémov CRM do podnikovej praxi.
Gespeichert in:
| 1. Verfasser: | |
|---|---|
| Format: | Buchkapitel |
| Sprache: | Slowakisch |
| Schlagworte: | |
| Tags: |
Keine Tags, Fügen Sie das erste Tag hinzu!
|
MARC
| LEADER | 00000naa a2200000 4500 | ||
|---|---|---|---|
| 001 | 0183826 | ||
| 005 | 20231204120132.7 | ||
| 041 | 0 | |a slo | |
| 044 | |a SK | ||
| 245 | 1 | 0 | |a Uplatnenie CRM systémov v praxi |c Renáta Turisová |
| 520 | |a Aplikácia CRM systémov. Zavádzanie systémov CRM do iných spoločností podľa potrieb zákazníkov. Opisané sú pomocou projektu zavádzania, štruktúra projektu a zároveň sme vynaložili snahu o priblíženie vzniku rizík pri zavádzaní systémov CRM do podnikovej praxi. | ||
| 610 | 2 | 0 | |a riadenie vzťahov so zákazníkmi |
| 100 | 1 | |a Turisová, Renáta | |